| 000 | 00685nam a2200229Ia 4500 | ||
|---|---|---|---|
| 008 | 160404s9999 xx 000 0 und d | ||
| 020 | _a971-92137-2-8 | ||
| 050 | _aFIL TX 928 | ||
| 050 | _b.R65 2003 c.2 | ||
| 100 | _aRoldan, Amelia Samson - | ||
| 245 | _aHousekeeping management / | ||
| 245 | _cAmelia Samson - Roldan, Amelia Malapitan - Crespo. | ||
| 260 | _aParaƱaque City: | ||
| 260 | _bAR Skills development and Management Services, | ||
| 260 | _c2003 | ||
| 300 | _a188 pages : | ||
| 300 | _billustrations ; | ||
| 300 | _c26 cm. | ||
| 500 | _aIncludes index. | ||
| 650 | _aHotel housekeeping -- Management. | ||
| 650 | _xHousekeeping -- Manuals, handbooks, etc. | ||
| 999 |
_c293163 _d293163 |
||